|
|
|
|
| LEADER |
00000cas a2200000 a 4500 |
| 001 |
vtls008424832 |
| 003 |
SK-MaSNL |
| 005 |
20260228160920.0 |
| 008 |
060118u2003uuuuxo ar 0 b0slo |
| 020 |
|
|
|a 8088914868 (brož. : r. 2002)
|
| 040 |
|
|
|a SNK
|b slo
|c SNK
|e AACR2
|
| 041 |
|
|
|a slo
|
| 043 |
|
|
|a e-xo---
|
| 044 |
|
|
|a xo
|c SK
|
| 072 |
|
7 |
|a 378
|x Vysoké školy
|2 konspekt
|
| 080 |
|
|
|a 378.4
|2 2001
|
| 080 |
|
|
|a (437.6)
|2 2001
|
| 080 |
|
|
|a (047.1)
|2 2001
|
| 110 |
2 |
|
|a Trenčianska univerzita Alexandra Dubčeka v Trenčíne
|9 35704
|
| 245 |
1 |
0 |
|a Výročná správa Trenčianskej univerzity A. Dubčeka za rok ...
|c Trenčianska univerzita Alexandra Dubčeka v Trenčíne
|
| 260 |
|
|
|a Trenčín
|b Trenčianska univerzita A. Dubčeka v Trenčíne
|c 2023-
|
| 300 |
|
|
|a zv.
|b ilustr., tab.
|c 29 cm
|
| 310 |
|
|
|a 1x ročne
|
| 362 |
0 |
|
|a 2002-
|
| 500 |
|
|
|a Súčasťou názvu je označenie kalendárneho roku
|
| 650 |
0 |
7 |
|a univerzity
|2 SNKPH
|9 22152
|
| 650 |
0 |
7 |
|a Universities
|2 SNKPHeng
|9 265407
|
| 651 |
|
7 |
|a Trenčín (Slovensko)
|2 SNKPHgeo
|9 159956
|
| 651 |
|
7 |
|a Trenčín (Slovakia)
|2 SNKPHeng
|9 267590
|
| 655 |
|
7 |
|a výročné správy
|2 SNKPH
|9 70580
|
| 655 |
|
7 |
|a Annual reports
|2 SNKPHeng
|9 265598
|
| 910 |
|
|
|a snk
|
| 919 |
|
|
|a 80-88914-86-8
|
| 999 |
|
|
|c 3903
|d 5833
|
| 952 |
|
|
|0 0
|1 0
|4 0
|7 0
|8 0
|a SNK
|b SNK
|d 2006-01-18
|i snk2006/1075
|l 0
|o snkČSB 5338/2002 D1
|p 17A0488463
|r 2026-02-21 20:15:27
|w 2026-02-21
|y PREZ
|
| 952 |
|
|
|0 0
|1 0
|4 0
|7 0
|8 0
|a SNK
|b SNK
|d 2006-01-18
|i snk2006/1074
|l 0
|o snkČSB 5338/2002
|p 17A0488462
|r 2026-02-21 21:20:20
|w 2026-02-21
|y PREZ
|